00375nam a22001457a 450000500170000001000130001702000180003003500130004803700090006108200110007024500420008126000430012330000320016650000310019820210621121257.0 aB-739917 a9781593392383 aB-739917 bGift a912.03 aEncyclopedia Britannica world atlas  aChicagobEncyclopedia Britannicac2005 axxv, 366p.:c37cm(Hb)bill. ainclude glossary and index